|
|
|
|
| LEADER |
00949nab a2200241 i 4500 |
| 001 |
publ33840 |
| 005 |
20250605162349.0 |
| 008 |
250605s1976 hu o 000 ger d |
| 022 |
|
|
|a 0340-3696
|
| 024 |
7 |
|
|a 10.1007/BF00558522
|2 doi
|
| 024 |
7 |
|
|a 105925
|2 mtmt
|
| 040 |
|
|
|a SZTE Publicatio Repozitórium
|b hun
|
| 041 |
|
|
|a ger
|
| 100 |
1 |
|
|a Simon N
|
| 245 |
1 |
0 |
|a Untersuchung der T- und B-zellen, sowie der Hämopexin-tragenden lymphozyten bei porphyria cutanea tarda-kranken [Investigations of the T and B cells and the hemopexin-carrying lymphocytes in cases of porphyria cutanea tarda]
|h [elektronikus dokumentum] /
|c Simon N
|
| 260 |
|
|
|c 1976
|
| 300 |
|
|
|a 149-156
|
| 490 |
0 |
|
|a ARCHIVES OF DERMATOLOGICAL RESEARCH
|v 255 No. 2
|
| 650 |
|
4 |
|a Klinikai orvostan
|
| 700 |
0 |
1 |
|a Husz Sándor
|e aut
|
| 700 |
0 |
1 |
|a Dobozy Attila
|e aut
|
| 700 |
0 |
1 |
|a Hunyadi János
|e aut
|
| 856 |
4 |
0 |
|u http://publicatio.bibl.u-szeged.hu/33840/1/aok_klny_556_76.pdf
|z Dokumentum-elérés
|